Online Catalogue and eLibrary

A Sinhalese and A Tamil (Record no. 5734)

MARC details
000 -LEADER
fixed length control field 00443nam a2200157Ia 4500
005 - DATE AND TIME OF LATEST TRANSACTION
control field 20241107015032.0
008 - FIXED-LENGTH DATA ELEMENTS--GENERAL INFORMATION
fixed length control field 240331s9999 xx 000 0 und d
020 ## - INTERNATIONAL STANDARD BOOK NUMBER
ISBN
082 ## - DDC Classification
Item Number - Author Mark HET
Class No. 823
100 ## - MAIN ENTRY--PERSONAL NAME
Personal name Hettiarachchi, A. M
245 #2 - TITLE STATEMENT
Title A Sinhalese and A Tamil
260 ## - PUBLICATION, DISTRIBUTION, ETC.
Place of publication, distribution, etc. Colombo
Name of publisher, distributor, etc. St Joseph press
Date of publication, distribution, etc. 1958
300 ## - PHYSICAL DESCRIPTION
Extent (e.g. Volumes, Pages etc.) 117 p .,
500 ## - GENERAL NOTE
General note The incidents reported in this book are true but the characters are fictitious.
942 ## - Koha item type (Biblio)
Koha item type Books in Stacks (Lending)
Holdings
Lost status Damaged status Collection code Home library Current library Shelving location Date acquired Full call number Accession Number Item type
    Lending WERC Library WERC Library Social Science Cupboard 03/31/2024 823 HET 6710 Books in Stacks (Lending)

© WERC Library